Experimental research on end-to-side anastomosis of peripheral nerves and effect of FK506 on end-to-side anastomosis

Bibliographic Details
Main Authors: Yang, L. M. (Author), Li, X. H. (Author), Zhang, X. P. (Author), Wu, Y. X. (Author)
Format: Article
Language:English

MARC

LEADER 00000nab a2200000uu 4500
001 vtls011498994
003 SK-MaSNL
005 20260303221848.0
008 230214|2014 xo |||||||||||||||||eng|
015 |a SNBRB 
035 |a (urnnbn)urn:nbn:sk:snk:ar-a0a8w2 
035 |a (uuid)c7dad39b-f3f7-4b14-bf31-49d7c8ceff44 
035 |a urn:nbn:sk:snk-abdtwn 
040 |a SNKBUCL  |b slo  |c SNKBUCL  |e AACR2 
041 0 |a eng 
044 |a xo  |c SK 
100 1 |a Yang, L. M.  |4 aut  |9 1255761 
245 1 0 |a Experimental research on end-to-side anastomosis of peripheral nerves and effect of FK506 on end-to-side anastomosis  |c L. M. Yang, X. H. Li, X. P. Zhang, Y. X. Wu 
700 1 |a Li, X. H.  |4 aut  |9 1255762 
700 1 |a Zhang, X. P.  |4 aut  |9 1199873 
700 1 |a Wu, Y. X.  |4 aut  |9 1255763 
773 0 |t Bratislavské lekárske listy  |g Roč. 115, č. 10 (2014), s. [625]-631 
958 |a OND 
958 |a EUIPO 
958 |a article20 
999 |c 2236619  |d 2238549